000 00246nam a2200097Ia 4500
001 714597
005 20250826162908.0
008 250824s9999 xx 000 0 und d
245 0 _aBİR SES BÖLER GECEYİ
_cAHMET ÜMİT
260 _bEVEREST YAYINLARI
999 _c714597
_d714597